Mejores deportistas por deporte - Estadísticas

Estadísticas generales
  • Esta prueba ha sido intentada 495 veces
    447 desde el último reinicio
  • La puntuación promedio es 20 de 55
Estadísticas de respuestas
Golf % Correcto
Cristiano Ronaldo
98%
Lionel Messi
98%
Diego Maradona
93%
Rafael Nadal
93%
Michael Jordan
90%
Pele
90%
Ronaldo
90%
Roger Federer
87%
LeBron James
83%
Novak Djokovic
83%
Kobe Bryant
69%
Muhammad Ali
69%
Tiger Woods
69%
Johan Cruyff
65%
Alfredo Di Stefano
57%
Mike Tyson
57%
Larry Bird
54%
Magic Johnson
52%
Shaquille Oneal
49%
Andy Murray
44%
Kareem Abdul Jabbar
44%
Ferenc Puskas
35%
Franz Beckenbauer
35%
Pete Sampras
33%
Roberto Duran
32%
Wilt Chamberlain
32%
Michel Platini
31%
Andre Agassi
30%
Bill Russell
26%
Tim Duncan
25%
Jack Johnson
22%
Garrincha
20%
Hakeem Olajuwon
15%
Boris Becker
13%
Ivan Lendl
12%
Rod Laver
11%
Jack Nicklaus
10%
Jimmy Connors
9%
Julio Cesar Chavez
7%
Sugar Ray Leonard
7%
Sugar Ray Robinson
7%
Arnold Palmer
6%
George Foreman
6%
Rocky Marciano
5%
Ben Hogan
4%
Gary Player
4%
Bobby Jones
3%
Marcelo Rios
3%
Tom Watson
3%
Lee Trevino
2%
Sam Snead
2%
Willie Pep
2%
Harry Vardon
1%
Joe Louis
1%
Gene Sarazen
0%
No se encontraron pruebas coincidentes
Distribución de puntuación
Porcentaje de gente con cada puntuación
Porcentaje por número respondido
Historial de tus puntuaciones
No has intentado esta prueba desde el último reinicio